| 000 | 01005nam a22001937a 4500 | ||
|---|---|---|---|
| 008 | 110518s2010 su|||||r|||| 000 0 ara d | ||
| 020 | _a6281072012755 | ||
| 082 |
_222 _a157.33 _bك ا ر |
||
| 100 |
_923911 _aكارنيجي، ديل |
||
| 245 |
_a :كيف تتخلص من القلق وتبدأ حياتك _bطرق مجربة للتغلب على القلق / _cترجمة مكتبة جرير؛ ديل كارنيجي |
||
| 260 |
_aالرياض : _bمكتبة جرير، 2010 _c2010 |
||
| 300 |
_a508 ص ؛ _c19 سم |
||
| 500 | _aترجمة لكتاب: How to Stop Worrying and Start Living : Time-Tested Methods for Conquering Worry / Dale Carnegie | ||
| 650 |
_923912 _aالقلق الاجتماعي |
||
| 653 |
_bGeneral _cMay2011 _dBestSellers |
||
| 710 |
_923926 _aمكتبة جرير |
||
| 942 |
_2ddc _cBB |
||
| 999 |
_c15315 _d15315 |
||